| 000 | 00572cam a22001457a 4500 | ||
|---|---|---|---|
| 008 | 180718b1999 xxu||||| |||| 00| 0 eng d | ||
| 082 | _aR6:B142x54 In2a | ||
| 245 |
_aReport on socio-economic conditions of women workers in selected agarbathi units in selected states (1996) _cby Labour Bureau, Ministry of Labour |
||
| 260 |
_aDelhi _bThe Controller of Publications _c1999 |
||
| 300 | _a115p. | ||
| 650 | _aWomen - Employment - India | ||
| 650 | _aSociological aspects - India | ||
| 650 | _aAgarbathi industry - India | ||
| 700 | _aIndia. Ministry of Labour. Labour Bureau | ||
| 999 |
_c487507 _d487507 |
||